[Event "GER-ch U10"]
[Site "Oberhof"]
[Date "2010.05.26"]
[Round "6"]
[White "Hoffmann, Christoph"]
[Black "Matzeit, Adrian"]
[Result "1-0"]
[WhiteElo "1094"]
[BlackElo "1175"]
[PlyCount "107"]
[EventDate "2010.05.22"]
[EventType "swiss"]
[EventRounds "11"]
[EventCountry "GER"]
[SourceTitle "CBM 136 Extra"]
[Source "ChessBase"]
[SourceDate "2010.07.02"]
[SourceVersion "2"]
[SourceVersionDate "2010.07.15"]
[SourceQuality "1"]

1. d4 Nf6 2. c4 e6 3. Nc3 Bb4 4. Qc2 Bxc3+ 5. bxc3 d6 6. e4 e5 7. Nf3 Nbd7 8. Be2 0-0 9. 0-0 b6 10. Bg5 Re8 11. Rad1 exd4 12. cxd4 Qe7 13. Bd3 h6 14. Bh4 Bb7 15. d5 c6 16. Rfe1 Ne5 17. Nxe5 dxe5 18. Qb3 c5 19. f4 Qd6 20. Qb2 Nh5 21. fxe5 Qxe5 22. Qxe5 Rxe5 23. d6 Bc6 24. Bc2 g5 25. g4 gxh4 26. gxh5 Rd8 27. Kf2 Rxh5 28. e5 Rg5 29. Be4 Bxe4 30. Rxe4 Rf5+ 31. Ke3 Kf8 32. Rd5 Ke8 33. Rxh4 h5 34. Kd3 Kd7 35. a4 Ke6 36. Ke4 Rg5 37. h3 a5 38. Rf4 Rg6 39. Rf5 Rh6 40. Rf3 Rg6 41. Rf4 Rh6 42. Rf5 Rd7 43. Rd2 Rd8 44. Rdf2 Rf8 45. R2f3 h4 46. Rf6+ Rxf6 47. Rxf6+ Kd7 48. Rh6 Re8 49. Kd5 Re6 50. Rxh4 Rg6 51. Rh7 Ke8 52. Kc6 f6 53. e6 Rg8 54. d7+ 1-0